01635nam a2200385 a 4500001001200000003000800012006001900020007001500039008004100054010001700095020003800112020001800150020002700168040002100195035002100216043001200237050002600249082002400275100002500299245015400324260003600478300002200514490008900536504004100625533015200666650003500818650003800853650004200891650004500933655002900978710001701007830008001024856012601104999001901230ebr10516931CaPaEBRm u cr cn|||||||||081211s2009 nyub sb 000 0 eng d z 2008053494 z1433104989 (hardcover alk. paper) z9781433104985 z9781453904152 (e-book) aCaPaEBRcCaPaEBR a(OCoLC)774287379 af-gh---14aBX1682.G4bA33 2009eb04a259/.23081096672221 aAddai-Mensah, Peter.10aMission, communion and relationshiph[electronic resource] :ba Roman Catholic response to the crisis of male youths in Africa /cPeter Addai-Mensah. aNew York :bPeter Lang,cc2009. ax, 242 p. :bmap.1 aAmerican university studies. Series VII, Theology and religion,x0740-0446 ;vv. 283 aIncludes bibliographical references. aElectronic reproduction.bPalo Alto, Calif. :cebrary,d2013.nAvailable via World Wide Web.nAccess may be limited to ebrary affiliated libraries. 0aChurch work with youthzGhana. 0aYoung menxReligious lifezGhana. 0aProblem youthxReligious lifezGhana. 0aChurch work with youthxCatholic Church. 7aElectronic books.2local2 aebrary, Inc. 0aAmerican university studies.nSeries VII,pTheology and religion ;vv. 283.40uhttp://site.ebrary.com/lib/rucke/Doc?id=10516931zAn electronic book accessible through the World Wide Web; click to view c120755d120755